Eure - mort subite - Statistiques

Statistiques générales
  • Ce quiz a été pris 28 fois
  • Le résultat moyen est 12 sur 18
Answers on the Grid
Answers color-coded by a green-red scale on the quiz's grid according to % correct below.
Vernon
Rennes
La Seine
Maison et jardins de Claude Monet
Khost
Orel
Le Bec-Hellouin
Évreux
Poltava
Giverny
Gaillon
Bayburt
Brazzaville
Un secteur du Perche
La forêt de Lyons
Nice
Araure
Namur
L'abbaye Notre-Dame du Bec
Val-de-Reuil
Basse-Terre
Le château de Gisors
Les Andelys
Sikasso
Un littoral
Brionne
Nakuru
Chihuahua
Le lieu de naissance de Guillaume le Conquérant
Huambo
Maceió
Ouzouer-sur-Trézée
Louviers
Le lieu de naissance de Clovis I
Le Vaudreuil
Pacy-sur-Eure
 
Statistiques - réponses
Réponse % Correct
Évreux
95%
Vernon
95%
Giverny
86%
Giverny Maison et jardins de Claude Monet
82%
Val-de-Reuil
73%
Les Andelys
68%
Louviers
68%
Gaillon
64%
Pacy-sur-Eure
64%
Un secteur du Perche
64%
La Seine
59%
Le château de Gisors
59%
La forêt de Lyons
55%
Le Vaudreuil
55%
Brionne
45%
Le Bec-Hellouin
45%
Un des principaux foyers de la vie intellectuelle du XIe siècle L'abbaye Notre-Dame du Bec
41%
Un littoral
36%
Aucun quiz correspondant
Distribution des résultats
% des personnes avec chaque résultat
Percentile par nombre de réponses
Votre historique - résultats
Vous n’avez pas pris ce quiz